000 00700nam a2200205 a 4500
001 000035865
005 20200930074657.0
008 111115s1975 sp a 000 0 spa d
020 _a8435900967
040 _aDO-SdBNP
_bspa
_cBNPHU
082 _axxx
_bM358c
100 1 _aMarrero, Carmen
_961850
245 1 0 _a40 lecciones de historia de la lengua española /
_cCarmen Marrero.
246 1 _aCuarenta lecciones de historia de la lengua española
260 _aMadrid :
_bPlayor,
_c1975.
300 _a155 p. :
_bil. ;
_c21 cm.
490 1 _aSerie de la comunicación
590 _aPerteneció a la biblioteca personal de Juan Isidro Jimenes -Grullón
830 0 _aSerie de la comunicación
_961851
999 _c35356
_d35356